000 00555nam a22001817a 4500
005 20231026121738.0
008 231026b |||||||| |||| 00| 0 eng d
020 _a9781485108252
041 _aEnglish
082 _a347 ERA
100 _aVan Loggerenberg, DE
_lEnglish
245 _aErasmus Superior Court Practice /
_cDE van Loggerenberg
250 _aSecond Edition
260 _aCape Town :
_bJuta and Company (Pty) Ltd,
_c1994
300 _bv, 212 pages ;
_c26,5 cm.
650 _aLegal practice
_bLaw
942 _cBK
_6ALISON_BN_VRIES
999 _c84
_d84